000 00608nam a2200253Ia 4500
005 20251020182508.0
008 200515s9999 xx 000 0 und d
020 _a950-02-5310-0
082 _a634.0.67/V66
100 _aVillasuso, Bernardo M.
245 0 _aLa madera en la arquitectura 2
250 _a1a ed.
260 _aBuenos Aires
260 _bEl Ateneo
260 _c2004
300 _a132 p.
300 _bil., tbl., graf.
500 _a1 ejemplar. Tomo 2
650 _aARQUITECTURA
650 _aCONSTRUCCION ARQUITECTONICA
650 _aMADERA
942 _cLIB
999 _c1336
_d1336